Household consumer behaviour at purchasing grocery goods
Analýza spotrebiteľského správania českých domácností na trhu s potravinami v roku 2006. Faktory prieskumu, ktoré ovplyvňovali nákup potravín boli : cena, značka, kvalita, vlastnosti tovaru, zľavy, reklama, inovácia, odporúčanie priateľov a príbuzných, miesto nákupu, informačné zdroje ... . Elektron...
Guardado en:
| Autor principal: | |
|---|---|
| Otros Autores: | , |
| Formato: | Capítulo de libro |
| Lenguaje: | inglés |
| Materias: | |
| Etiquetas: |
Sin Etiquetas, Sea el primero en etiquetar este registro!
|
MARC
| LEADER | 00000naa$a2200000$$$4500 | ||
|---|---|---|---|
| 001 | 0091557 | ||
| 005 | 20240717102254.4 | ||
| 041 | 0 | |a eng | |
| 044 | |a SK | ||
| 245 | 1 | 0 | |a Household consumer behaviour at purchasing grocery goods |c Ladislav Stejskal, Zuzana Toufarová, Jana Stávková |
| 520 | |a Analýza spotrebiteľského správania českých domácností na trhu s potravinami v roku 2006. Faktory prieskumu, ktoré ovplyvňovali nákup potravín boli : cena, značka, kvalita, vlastnosti tovaru, zľavy, reklama, inovácia, odporúčanie priateľov a príbuzných, miesto nákupu, informačné zdroje ... . Elektronický dotazník. | ||
| 610 | 2 | 0 | |a potraviny |
| 610 | 2 | 0 | |a nákup |
| 610 | 2 | 0 | |a správanie spotrebiteľa |
| 610 | 2 | 0 | |a Česko |
| 100 | 1 | |a Stejskal, Ladislav | |
| 700 | 1 | |a Toufarová, Zuzana | |
| 700 | 1 | |a Stávková, Jana | |